[Event "ESTCC U65 2018"]
[Site "Walbrzych"]
[Date "2018.04.18"]
[Round "5"]
[White "Kierzek, Matthias"]
[Black "Mortensen, Steen Juul"]
[Result "1-0"]
[WhiteElo "2272"]
[BlackElo "1940"]
[Annotator "NA"]
[PlyCount "91"]
[EventDate "2018.??.??"]
[EventCountry "POL"]
[SourceTitle "playchess.com"]
[Source "ChessBase"]
[SourceQuality "1"]
[WhiteTeam "Germany"]
[BlackTeam "Denmark"]
[WhiteTeamCountry "GER"]
[BlackTeamCountry "DEN"]
[TimeControl "40/5400+30:1800+30"]

1. d4 {[%emt 0:00:00]} Nf6 {[%emt 0:00:09]} 2. c4 {[%emt 0:00:00]} g6 {[%emt 0:00:11]} 3. Nc3 {[%emt 0:00:00]} Bg7 {[%emt 0:00:08]} 4. e4 {[%emt 0:00:00]} d6 {[%emt 0:00:14]} 5. Be2 {[%emt 0:00:00]} O-O {[%emt 0:00:21]} 6. Bg5 {[%emt 0:00:05]} h6 {[%emt 0:01:19]} 7. Be3 {[%emt 0:00:06]} c5 {[%emt 0:00:50]} 8. d5 {[%emt 0:00:13]} a6 {[%emt 0:02:06]} 9. a4 {[%emt 0:05:18]} Qa5 {[%emt 0:03:04] E74: King's Indian: Averbakh Variation: 6...c5} (9... e6 10. Nf3 exd5 11. cxd5 Bg4 12. Nd2 Bxe2 13. Qxe2 Re8 14. O-O Nbd7 15. h3 Nh5 16. a5 Rb8 17. Ra4 {½-½ (73) Topalov,V (2777)-Radjabov,T (2744) Bilbao 2008}) 10. Bd2 {[%emt 0:01:08] LiveBook: 14 Games} Qc7 {[%emt 0:03:27]} 11. Nf3 {[%emt 0:01:54]} e6 {[%emt 0:06:27]} 12. O-O {[%emt 0:01:15]} exd5 {[%emt 0:05:37]} 13. exd5 {[%emt 0:06:00]} Bg4 {[%emt 0:08:01]} 14. h3 {[%emt 0:04:28]} Bxf3 {[%emt 0:00:49]} 15. Bxf3 {[%emt 0:00:02]} Nbd7 {[%emt 0:00:23]} 16. Qc2 {[%emt 0:02:25]} Rfe8 $146 {[%emt 0:07:51]} ({Find the theoretical novelty and annotate with similar games:} 16... Rae8 17. Rae1 Rxe1 18. Rxe1 {½-½ (78) Lazarev,V (2497)-Marholev,D (2418) Lyon 2006}) 17. Rfe1 {[%emt 0:08:18]} Rxe1+ {[%emt 0:02:18]} 18. Rxe1 {[%emt 0:00:11]} Re8 {[%emt 0:00:53]} 19. Rxe8+ {[%emt 0:04:11]} Nxe8 {[%emt 0:00:02]} 20. Ne4 {[%emt 0:02:30]} Ne5 {[%emt 0:08:27]} 21. Be2 {[%emt 0:01:33]} f5 {[%emt 0:07:23]} 22. Nc3 {[%emt 0:02:15]} Qe7 {[%emt 0:07:15]} 23. Qb3 {[%emt 0:08:59]} Qc7 {[%emt 0:04:48]} 24. a5 {[%emt 0:01:15]} Nf6 {[%emt 0:02:53]} 25. Na4 {[%emt 0:05:06]} Ne4 $11 {[%emt 0:03:09]} 26. Be1 {[%emt 0:00:24]} Kf7 {[%emt 0:06:05]} 27. Kf1 {[%emt 0:08:45]} Nd7 {[%emt 0:06:51]} 28. Qe3 {[%emt 0:06:56]} Nf8 {[%emt 0:03:02]} 29. g4 {[%emt 0:03:58]} Kg8 {[%emt 0:04:33]} 30. gxf5 {[%emt 0:00:42]} gxf5 {[%emt 0:00:18]} 31. f3 {[%emt 0:01:43]} Ng5 {[%emt 0:00:57]} 32. h4 {[%emt 0:01:51]} Bd4 {[%emt 0:00:29]} 33. Qf4 {[%emt 0:02:28]} Be5 {[%emt 0:00:15]} 34. Qxf5 {[%emt 0:00:26]} Ngh7 {[%emt 0:01:47]} 35. b3 {[%emt 0:05:06]} Qg7 {[%emt 0:00:36]} 36. Nb6 {[%emt 0:00:32]} Qf7 {[%emt 0:03:02]} 37. Bd3 {[%emt 0:01:09]} Nf6 {[%emt 0:00:46]} 38. Bf2 {[%emt 0:02:26]} N8d7 {[%emt 0:02:08]} 39. Nxd7 {[%emt 0:05:58]} Nxd7 {[%emt 0:00:09]} 40. Qxf7+ {[%emt 0:00:00]} Kxf7 {[%emt 0:00:02]} 41. Bf5 {[%emt 0:04:16]} Ke7 {[%emt 0:00:36]} 42. h5 {[%emt 0:03:05]} Kd8 {[%emt 0:11:48]} 43. Bxd7 {[%emt 0:02:45]} Kxd7 {[%emt 0:00:02]} 44. Be3 {[%emt 0:00:21]} Bg7 {[%emt 0:00:48]} 45. Bf4 {[%emt 0:06:54]} Ke7 {[%emt 0:02:34]} 46. Ke2 {[%emt 0:00:32]} 1-0

[Event "ESTCC U65 2018"]
[Site "Walbrzych"]
[Date "2018.04.18"]
[Round "5"]
[White "Hurme, Harri"]
[Black "Scrimgour, Alan"]
[Result "1-0"]
[WhiteElo "2229"]
[BlackElo "2083"]
[Annotator "NA"]
[PlyCount "65"]
[EventDate "2018.??.??"]
[EventCountry "POL"]
[SourceTitle "playchess.com"]
[Source "ChessBase"]
[SourceQuality "1"]
[WhiteTeam "Finland"]
[BlackTeam "Scotland"]
[WhiteTeamCountry "FIN"]
[BlackTeamCountry "SCO"]
[TimeControl "40/5400+30:1800+30"]

1. d4 {[%emt 0:00:00]} Nf6 {[%emt 0:00:07]} 2. c4 {[%emt 0:00:00]} e6 {[%emt 0:00:04]} 3. Nc3 {[%emt 0:00:10]} Bb4 {[%emt 0:00:06]} 4. Qc2 {[%emt 0:00:11]} O-O {[%emt 0:01:02]} 5. Nf3 {[%emt 0:00:11]} b6 {[%emt 0:03:21]} 6. e4 {[%emt 0:00:12]} d5 {[%emt 0:02:11]} 7. e5 {[%emt 0:00:35]} Ne4 {[%emt 0:01:03]} 8. Bd3 {[%emt 0:00:17]} Bb7 {[%emt 0:03:34]} 9. O-O {[%emt 0:00:58]} Bxc3 {[%emt 0:10:36]} 10. bxc3 {[%emt 0:00:17] LiveBook: 35 Games} f5 {[%emt 0:04:44] E32: Nimzo-Indian: Classical (4 Qc2): 4...0-0} (10... c5 11. cxd5 exd5 12. Nd2 cxd4 13. Nxe4 dxe4 14. Bxe4 Nc6 15. Bxh7+ Kh8 16. Be4 Qd7 17. Qd1 Kg8 18. cxd4 Rad8 19. Qh5 g6 {1-0 (49) Narciso Dublan,M (2466)-Garcia Ramos,D (2321) Barcelona 2018}) 11. exf6 {[%emt 0:02:17]} gxf6 {[%emt 0:02:19]} 12. cxd5 {[%emt 0:02:48]} exd5 {[%emt 0:02:05]} 13. Re1 $146 {[%emt 0:06:51]} ({Predecessor:} 13. c4 Qd7 14. Re1 Nd6 15. Bh6 Rf7 {½-½ (24) Wunnink,M (2253)-Gulbas,C (2364) Belgium 2015}) 13... Nd7 {[%emt 0:07:42]} 14. Nd2 {[%emt 0:02:13]} f5 {[%emt 0:06:13]} 15. f3 {[%emt 0:06:49]} Qh4 {[%emt 0:07:56]} 16. Re2 {[%emt 0:08:56]} Nd6 {[%emt 0:05:25]} 17. Ba3 {[%emt 0:03:46]} c5 {[%emt 0:02:27]} 18. Rae1 $18 {[%emt 0:03:49]} Rae8 {[%emt 0:05:06]} 19. Rxe8 {[%emt 0:01:18]} Nxe8 {[%emt 0:00:13]} 20. g3 {[%emt 0:01:13]} Qh5 {[%emt 0:08:42]} 21. Qa4 {[%emt 0:02:35]} Nef6 {[%emt 0:04:11]} 22. Qxa7 {[%emt 0:01:39]} Re8 {[%emt 0:05:04]} 23. Rxe8+ {[%emt 0:02:26]} Qxe8 {[%emt 0:00:06]} 24. Kf2 {[%emt 0:02:01]} f4 {[%emt 0:02:10]} 25. Nf1 {[%emt 0:01:39]} c4 {[%emt 0:06:35]} 26. Bf5 {[%emt 0:04:13]} Bc6 {[%emt 0:00:33]} 27. Bc1 {[%emt 0:01:52]} fxg3+ {[%emt 0:01:03]} 28. hxg3 {[%emt 0:00:29]} Qh5 {[%emt 0:04:28]} 29. Be6+ {[%emt 0:01:59]} Kg7 {[%emt 0:00:16]} 30. Bf4 {[%emt 0:00:44]} Ne4+ {[%emt 0:03:37]} 31. fxe4 {[%emt 0:00:55]} dxe4 {[%emt 0:00:21]} 32. Bxd7 {[%emt 0:04:33]} e3+ {[%emt 0:00:52]} 33. Ke1 {[%emt 0:01:35]} 1-0

[Event "ESTCC U65 2018"]
[Site "Walbrzych"]
[Date "2018.04.18"]
[Round "5"]
[White "Hedin, Gunnar"]
[Black "Balashov, Yuri S"]
[Result "0-1"]
[WhiteElo "2174"]
[BlackElo "2421"]
[Annotator "TA"]
[PlyCount "62"]
[EventDate "2018.??.??"]
[EventCountry "POL"]
[SourceTitle "playchess.com"]
[Source "ChessBase"]
[SourceQuality "1"]
[WhiteTeam "Sweden"]
[BlackTeam "Russia"]
[WhiteTeamCountry "SWE"]
[BlackTeamCountry "RUS"]

{[%evp 9,62,-1,8,-6,5,0,22,33,36,-5,46,35,52,47,67,74,78,13,67,56,53,53,82,28,25,31,32,30,29,31,20,-41,-41,-44,-38,-70,-22,-173,-164,-212,-205,-203,-199,-203,-200,-212,-209,-200,-178,-381,-374,-745,-743,-714,-670]} 1. f4 d5 2. Nf3 g6 3. g3 Bg7 4. Bg2 Nh6 5. d3 (5. Nc3 c6 6. d3 Qb6 7. e4 dxe4 8. Nxe4 O-O 9. c3 Nf5 10. Qe2 Nd7 11. a4 a5 12. Qf2 Qa6 {0-1 (46) Kamsky,G (2676)-Dreev,A (2652) Bastia 2017}) (5. O-O O-O 6. d3 d4 7. c3 c5 8. e4 dxe3 9. Bxe3 Qc7 10. Na3 Nd7 11. Qe2 Rb8 12. d4 Nf5 13. Bf2 cxd4 14. Nb5 {0-1 (54) Hedin,G (2193)-Balashov,Y (2408) Hersonissos 2017}) 5... Nc6 6. c3 {A03: Bird's Opening with 1...d5} O-O 7. O-O Qd6 8. d4 $146 {The position is equal.} ({Find the theoretical novelty and annotate with similar games:} 8. e4 dxe4 9. dxe4 Qc5+ 10. Kh1 Rd8 11. Qe2 {0-1 (20) Szymczak,R (2102)-Alvarado Rodriguez,C (2203) Warsaw 2011}) 8... f6 9. b3 Be6 (9... Re8 $11) 10. e3 $14 Qd7 11. Nbd2 Bh3 12. Bxh3 Qxh3 13. Ba3 (13. e4 $16) 13... Qe6 (13... Rfd8 $1 $11) 14. Qe2 f5 15. Rfe1 Ng4 16. h3 ({Better is} 16. c4 $16) 16... Nf6 $11 17. c4 Rfd8 18. Rac1 a5 {[%cal Ba7a5,Ba5b4][%mdl 32]} 19. cxd5 Nxd5 20. Qc4 (20. Bb2 $11) 20... Ncb4 $15 21. Bxb4 axb4 22. Rc2 $1 Ra6 23. Ne5 $2 {[#]} (23. Qb5 $11) 23... Bxe5 $1 $19 24. dxe5 {[#]} Rc6 $1 {[%cal Rc6c4]} 25. Qd3 Rd7 {Strongly threatening ...Nxf4!} 26. Rxc6 Qxc6 27. Qc4 Qxc4 28. Nxc4 Nc3 29. a3 $2 (29. a4) 29... b5 30. e6 $2 (30. axb4 bxc4 31. bxc4) 30... Rd1 31. Rxd1 Nxd1 {Precision: White = 44%, Black = 63%.} 0-1

[Event "ESTCC U65 2018"]
[Site "Walbrzych"]
[Date "2018.04.18"]
[Round "5"]
[White "Baumbach, Friedrich"]
[Black "Heikkila, Raine"]
[Result "1-0"]
[WhiteElo "2172"]
[BlackElo "1705"]
[Annotator "NA"]
[PlyCount "155"]
[EventDate "2018.??.??"]
[EventCountry "POL"]
[SourceTitle "playchess.com"]
[Source "ChessBase"]
[SourceQuality "1"]
[WhiteTeam "Germany"]
[BlackTeam "Finland"]
[WhiteTeamCountry "GER"]
[BlackTeamCountry "FIN"]
[TimeControl "40/5400+30:1800+30"]

1. d4 {[%emt 0:00:30]} d5 {[%emt 0:00:59]} 2. c4 {[%emt 0:00:15]} e6 {[%emt 0:00:11]} 3. Nc3 {[%emt 0:00:08]} Nf6 {[%emt 0:00:21]} 4. cxd5 {[%emt 0:00:12]} exd5 {[%emt 0:00:17]} 5. Bg5 {[%emt 0:00:12]} Be7 {[%emt 0:00:25]} 6. e3 {[%emt 0:00:09]} a6 {[%emt 0:00:13] D35: Queen's Gambit Declined: Exchange Variation} (6... c6 7. Qc2 Nbd7 8. Nf3 h6 9. Bf4 Nh5 10. O-O-O Nxf4 11. exf4 g5 12. Bd3 gxf4 13. Rhe1 Kf8 14. Bf5 Bb4 15. a3 Bxc3 16. Qxc3 Nb6 17. g4 Bxf5 {1-0 (29) Rapport,R (2692)-Hammer,J (2629) Palma de Mallorca 2017}) 7. Bd3 {[%emt 0:00:18]} h6 {[%emt 0:00:25]} 8. Bh4 Nc6 {[%emt 0:00:39]} 9. Nf3 {[%emt 0:00:30]} Bg4 {[%emt 0:00:27]} 10. h3 $146 {[%emt 0:01:13]} ({Predecessor:} 10. Be2 Qd7 11. Bxf6 Bxf6 12. Qb3 O-O-O 13. Na4 Na5 14. Qb4 Nc6 {1-0 (29) Drayton,D (1633)-Adeniji,A (1723) Port of Spain 2015}) 10... Be6 {[%emt 0:00:22]} 11. O-O {[%emt 0:00:53]} Nh7 {[%emt 0:00:17]} 12. Bg3 {[%emt 0:00:59]} Qd7 {[%emt 0:00:12]} 13. Rc1 {[%emt 0:03:06]} Ng5 {[%emt 0:00:26]} 14. Ne5 {[%emt 0:06:40]} Nxe5 {[%emt 0:00:24]} 15. dxe5 {[%emt 0:01:03]} c5 {[%emt 0:00:59]} 16. f4 {[%emt 0:00:49]} c4 {[%emt 0:00:53]} 17. Bc2 {[%emt 0:10:15]} Nxh3+ 18. gxh3 Bxh3 {[%emt 0:02:12]} 19. Rf2 {[%emt 0:01:10]} Bg4 {[%emt 0:00:27]} 20. Qxd5 {[%emt 0:01:16]} Be6 {[%emt 0:02:46]} 21. Qxd7+ {[%emt 0:00:23]} Bxd7 {[%emt 0:00:21]} 22. Nd5 {[%emt 0:00:43]} Bd8 {[%emt 0:02:15]} 23. Be4 {[%emt 0:00:48]} Rc8 {[%emt 0:00:44]} 24. Rd2 {[%emt 0:01:35]} b5 {[%emt 0:02:15]} 25. Kf2 {[%emt 0:01:55]} h5 {[%emt 0:00:28]} 26. f5 {[%emt 0:01:09]} Ba5 {[%emt 0:03:14]} 27. Rdc2 {[%emt 0:03:01]} Bc6 {[%emt 0:02:07]} 28. Nc3 {[%emt 0:03:08]} Bxc3 {[%emt 0:01:20]} 29. Bxc6+ {[%emt 0:03:35]} Rxc6 {[%emt 0:00:10]} 30. Rxc3 {[%emt 0:00:44]} g5 {[%emt 0:00:24]} 31. Kf3 {[%emt 0:03:38]} g4+ $18 {[%emt 0:00:49]} 32. Kf4 {[%emt 0:00:33]} h4 {[%emt 0:00:24]} 33. Rh1 {[%emt 0:21:29]} Rch6 {[%emt 0:00:17]} 34. Be1 {[%emt 0:00:27]} g3 {[%emt 0:00:16]} 35. Bxg3 {[%emt 0:07:10]} hxg3 {[%emt 0:00:22]} 36. Rxh6 {[%emt 0:00:03]} Rxh6 {[%emt 0:00:25]} 37. Kxg3 {[%emt 0:00:02]} Rh1 {[%emt 0:00:46]} 38. b3 {[%emt 0:00:55]} cxb3 {[%emt 0:00:42]} 39. Rxb3 {[%emt 0:00:41]} Rc1 {[%emt 0:00:45]} 40. a4 {[%emt 0:03:24]} Rc5 {[%emt 0:31:01]} 41. axb5 {[%emt 0:01:10]} axb5 {[%emt 0:00:00]} 42. Kf4 {[%emt 0:00:24]} Kd7 {[%emt 0:00:00]} 43. Rd3+ {[%emt 0:02:57]} Ke8 {[%emt 0:00:00]} 44. Ra3 {[%emt 0:02:54]} Rc8 {[%emt 0:00:00]} 45. Rb3 {[%emt 0:27:17]} Rb8 {[%emt 0:00:00]} 46. Rb4 {[%emt 0:00:01]} Ke7 {[%emt 0:00:00]} 47. Ke4 {[%emt 0:00:26]} f6 {[%emt 0:00:00]} 48. e6 {[%emt 0:04:47]} Kd6 {[%emt 0:00:00]} 49. Kd4 {[%emt 0:00:22]} Kc6 {[%emt 0:00:00]} 50. Rb1 {[%emt 0:04:58]} Rd8+ {[%emt 0:00:00]} 51. Kc3 {[%emt 0:02:23]} Kc5 {[%emt 0:00:00]} 52. Rb4 {[%emt 0:03:32]} Rb8 {[%emt 0:00:00]} 53. Rh4 {[%emt 0:01:36]} Ra8 {[%emt 0:00:00]} 54. Kb3 {[%emt 0:00:45]} Rd8 {[%emt 0:00:00]} 55. Rd4 {[%emt 0:01:11]} Ra8 {[%emt 0:00:00]} 56. Rd7 {[%emt 0:00:25]} b4 {[%emt 0:00:00]} 57. Rd3 {[%emt 0:04:32]} Ra7 {[%emt 0:00:00]} 58. e4 {[%emt 0:00:09]} Ra3+ {[%emt 0:01:03]} 59. Kc2 {[%emt 0:00:01]} Ra2+ {[%emt 0:00:24]} 60. Kb1 {[%emt 0:00:21]} Ra8 {[%emt 0:01:15]} 61. e5 {[%emt 0:02:37]} Kc4 {[%emt 0:04:37]} 62. Rd1 {[%emt 0:01:52]} b3 {[%emt 0:05:32]} 63. exf6 {[%emt 0:00:24]} Kc3 {[%emt 0:00:29]} 64. Rc1+ {[%emt 0:00:45]} Kd2 {[%emt 0:00:12]} 65. Rc7 {[%emt 0:00:46]} Ra5 {[%emt 0:02:35]} 66. e7 Rxf5 {[%emt 0:00:29]} 67. e8=Q {[%emt 0:00:35]} Rf1+ 68. Kb2 Rxf6 {[%emt 0:00:49]} 69. Qd8+ {[%emt 0:00:11]} Ke3 {[%emt 0:00:29]} 70. Qxf6 {[%emt 0:00:03]} Ke4 {[%emt 0:00:21]} 71. Re7+ {[%emt 0:00:07]} Kd5 {[%emt 0:00:13]} 72. Qf1 {[%emt 0:00:11]} Kd6 {[%emt 0:00:17]} 73. Re3 {[%emt 0:00:02]} Kc5 {[%emt 0:00:26]} 74. Qd1 {[%emt 0:00:08]} Kb5 {[%emt 0:00:21]} 75. Rc3 {[%emt 0:00:05]} Ka4 {[%emt 0:00:23]} 76. Qxb3+ {[%emt 0:00:04]} Ka5 {[%emt 0:00:10]} 77. Rc8 {[%emt 0:00:10]} Ka6 {[%emt 0:00:03]} 78. Ra8# {[%emt 0:00:12]} 1-0

[Event "ESTCC U65 2018"]
[Site "Walbrzych"]
[Date "2018.04.18"]
[Round "5"]
[White "Sorensen, Bent"]
[Black "Vucenovic, Dragomir"]
[Result "1-0"]
[WhiteElo "2158"]
[BlackElo "2248"]
[Annotator "NA"]
[PlyCount "73"]
[EventDate "2018.??.??"]
[EventCountry "POL"]
[SourceTitle "playchess.com"]
[Source "ChessBase"]
[SourceQuality "1"]
[WhiteTeam "Denmark"]
[BlackTeam "Switzerland"]
[WhiteTeamCountry "DEN"]
[BlackTeamCountry "SUI"]
[TimeControl "40/5400+30:1800+30"]

1. Nf3 {[%emt 0:00:00]} d5 {[%emt 0:00:14]} 2. g3 {[%emt 0:00:00]} Nf6 {[%emt 0:00:19]} 3. Bg2 {[%emt 0:00:00]} c6 {[%emt 0:00:19]} 4. O-O {[%emt 0:00:11]} Bg4 {[%emt 0:00:33] LiveBook: 3768 Games} 5. b3 {[%emt 0:00:02]} e6 {[%emt 0:00:27]} 6. Bb2 {[%emt 0:00:15]} Nbd7 {[%emt 0:00:35]} 7. d3 {[%emt 0:00:19]} Be7 {[%emt 0:04:23]} 8. Nbd2 {[%emt 0:00:22] A07: Réti Opening: New York and Capablanca Systems} Qc7 {[%emt 0:06:35]} (8... O-O 9. h3 Bh5 10. e4 a5 11. a3 Ne8 12. Qe2 Nc7 13. Kh1 Re8 14. e5 c5 15. g4 Bg6 16. Nh2 f5 17. f4 a4 18. c4 Nb6 19. cxd5 Ncxd5 {0-1 (90) Onischuk,V (2594)-Andriasian,Z (2611) Dubai 2014}) 9. e4 {[%emt 0:01:43]} dxe4 {[%emt 0:01:58]} 10. dxe4 {[%emt 0:01:02]} Bxf3 {[%emt 0:02:25]} 11. Qxf3 {[%emt 0:02:39]} e5 {[%emt 0:09:27]} 12. Nc4 {[%emt 0:08:05]} b5 {[%emt 0:02:03]} 13. Ne3 {[%emt 0:01:09]} O-O $146 {[%emt 0:01:37]} ({Predecessor:} 13... g6 14. a4 b4 15. Nc4 O-O {1-0 (36) Thiede,L (2446)-Tabernig,B (2383) Austria 2014}) 14. Rac1 {[%emt 0:18:36]} Rfe8 {[%emt 0:01:17]} 15. c4 {[%emt 0:01:56]} b4 {[%emt 0:01:28]} 16. Rfd1 {[%emt 0:04:21]} Rad8 {[%emt 0:09:01]} 17. Nf5 {[%emt 0:03:55]} Nc5 {[%emt 0:09:58]} 18. Qe3 {[%emt 0:02:02]} Bf8 {[%emt 0:02:02]} (18... g6 $11 {remains equal.}) 19. Nxg7 {[%emt 0:04:40]} Kxg7 {[%emt 0:05:41]} 20. Qg5+ {[%emt 0:00:18]} Kh8 {[%emt 0:00:23]} 21. Qxf6+ {[%emt 0:00:09]} Bg7 {[%emt 0:00:20]} 22. Qf3 {[%emt 0:03:21]} Ne6 {[%emt 0:01:24]} 23. Bh3 {[%emt 0:09:49]} Nd4 {[%emt 0:02:33]} 24. Bxd4 {[%emt 0:01:06]} Rxd4 {[%emt 0:03:16]} 25. Rxd4 {[%emt 0:00:27]} exd4 $18 {[%emt 0:00:02]} 26. Rd1 {[%emt 0:02:37]} c5 {[%emt 0:00:27]} 27. Bf5 {[%emt 0:00:29]} Rd8 {[%emt 0:03:32]} 28. Qh5 {[%emt 0:01:05]} h6 {[%emt 0:00:09]} 29. Rd3 {[%emt 0:00:33]} Qe7 {[%emt 0:00:55]} 30. f4 {[%emt 0:04:06]} Rd6 {[%emt 0:07:11]} 31. e5 {[%emt 0:02:11]} Ra6 {[%emt 0:00:25]} 32. Rd2 {[%emt 0:03:21]} Kg8 {[%emt 0:00:11]} 33. Re2 {[%emt 0:03:27]} Rb6 {[%emt 0:03:49]} 34. Bd3 {[%emt 0:01:38]} Rb8 {[%emt 0:07:49]} 35. Qf5 {[%emt 0:04:00]} f6 {[%emt 0:01:11]} 36. exf6 {[%emt 0:00:41]} Qxf6 {[%emt 0:00:04]} 37. Qxc5 {[%emt 0:00:25]} 1-0

[Event "ESTCC U65 2018"]
[Site "Walbrzych"]
[Date "2018.04.18"]
[Round "5"]
[White "Holst, Per"]
[Black "Staechelin, Ruedi"]
[Result "0-1"]
[WhiteElo "2140"]
[BlackElo "2091"]
[Annotator "NA"]
[PlyCount "106"]
[EventDate "2018.??.??"]
[EventCountry "POL"]
[SourceTitle "playchess.com"]
[Source "ChessBase"]
[SourceQuality "1"]
[WhiteTeam "Denmark"]
[BlackTeam "Switzerland"]
[WhiteTeamCountry "DEN"]
[BlackTeamCountry "SUI"]
[TimeControl "40/5400+30:1800+30"]

1. d4 {[%emt 0:00:00]} d5 {[%emt 0:00:53]} 2. c4 {[%emt 0:00:00]} c6 {[%emt 0:00:06]} 3. Nf3 {[%emt 0:00:00]} Nf6 {[%emt 0:00:05]} 4. Qb3 {[%emt 0:00:05]} e6 {[%emt 0:02:22]} 5. g3 {[%emt 0:00:10]} Bd6 {[%emt 0:01:03]} 6. Bg2 {[%emt 0:00:09]} Nbd7 {[%emt 0:01:05]} 7. O-O {[%emt 0:00:18]} O-O {[%emt 0:00:05]} 8. Nc3 {[%emt 0:00:23]} a6 {[%emt 0:04:04] D43: Semi-Slav: 5 Bg5 h6} 9. c5 $146 {[%emt 0:03:00]} ({Predecessor:} 9. Rd1 b5 10. c5 Bc7 11. e4 h6 12. e5 Nh7 13. a4 Rb8 14. Ne2 f6 15. exf6 Qxf6 16. Bf4 Bxf4 17. Nxf4 {½-½ (62) Marin,M (2511)-Purnama,T (2286) Mallorca 2004}) 9... Bc7 {[%emt 0:00:30]} 10. Bf4 {[%emt 0:00:26]} Re8 {[%emt 0:01:38]} 11. Qc2 {[%emt 0:11:43]} e5 {[%emt 0:02:30]} 12. dxe5 {[%emt 0:00:40]} Nxe5 {[%emt 0:00:44]} 13. Nd4 {[%emt 0:01:31]} Ng6 {[%emt 0:04:53]} 14. Bxc7 {[%emt 0:07:16]} Qxc7 {[%emt 0:00:07]} 15. b4 {[%emt 0:04:16]} Bd7 {[%emt 0:07:22]} 16. Rad1 {[%emt 0:04:25]} Rad8 {[%emt 0:02:19]} 17. Rfe1 {[%emt 0:04:36]} Bc8 {[%emt 0:08:02]} 18. Nf5 {[%emt 0:05:45]} Bxf5 {[%emt 0:03:30]} 19. Qxf5 {[%emt 0:01:00]} Re5 $11 {[%emt 0:08:13]} 20. Qc2 {[%emt 0:01:47]} Rde8 {[%emt 0:01:01]} 21. e3 {[%emt 0:05:22]} Nf8 {[%emt 0:02:57]} 22. Qd3 {[%emt 0:02:49]} Qc8 {[%emt 0:05:59]} 23. Ne2 {[%emt 0:05:21]} g6 {[%emt 0:10:52]} 24. Nc3 {[%emt 0:10:41]} Kg7 {[%emt 0:04:08]} 25. h3 {[%emt 0:02:03]} R5e7 {[%emt 0:01:39]} 26. Ne2 {[%emt 0:03:13]} Qb8 {[%emt 0:03:38]} 27. a4 {[%emt 0:02:42]} Ne4 {[%emt 0:03:39]} 28. Rb1 {[%emt 0:01:10]} Qe5 {[%emt 0:02:22]} 29. Nd4 {[%emt 0:03:43]} f5 {[%emt 0:01:54]} 30. Nf3 {[%emt 0:01:49]} Qf6 {[%emt 0:02:01]} 31. Qd4 {[%emt 0:02:14]} Ne6 {[%emt 0:01:37]} 32. Qxf6+ {[%emt 0:01:34]} Kxf6 {[%emt 0:01:19]} 33. Rec1 {[%emt 0:00:50]} Rd8 {[%emt 0:02:14]} 34. Nd4 {[%emt 0:04:07]} Nxd4 {[%emt 0:02:51]} 35. exd4 {[%emt 0:00:01]} Nd2 {[%emt 0:01:07]} 36. Rb2 {[%emt 0:00:15]} Nc4 {[%emt 0:00:23]} 37. Rbc2 {[%emt 0:03:17]} Rde8 {[%emt 0:00:47]} 38. Bf1 {[%emt 0:00:39]} Re1 {[%emt 0:02:15]} 39. Kg2 {[%emt 0:02:44]} Rxc1 {[%emt 0:02:05]} 40. Rxc1 {[%emt 0:00:00]} Nd2 {[%emt 0:01:50]} 41. b5 {[%emt 0:04:21]} axb5 {[%emt 0:02:37]} 42. axb5 {[%emt 0:00:09]} Nb3 {[%emt 0:01:16]} 43. Rb1 {[%emt 0:04:23]} Nxd4 {[%emt 0:01:04]} 44. bxc6 {[%emt 0:00:40]} bxc6 {[%emt 0:00:15]} 45. Rb6 {[%emt 0:00:30]} Rc8 {[%emt 0:01:47]} 46. f4 {[%emt 0:02:19]} Rc7 {[%emt 0:01:55]} 47. Ba6 {[%emt 0:00:31]} Ke7 {[%emt 0:02:18]} 48. g4 {[%emt 0:10:30]} fxg4 {[%emt 0:02:46]} 49. hxg4 {[%emt 0:00:13]} Ne6 {[%emt 0:00:15]} 50. f5 {[%emt 0:05:43]} gxf5 {[%emt 0:00:56]} 51. gxf5 {[%emt 0:00:02]} Nxc5 {[%emt 0:00:25]} 52. f6+ {[%emt 0:01:28]} Kf7 {[%emt 0:02:53]} 53. Be2 {[%emt 0:01:42]} Nd7 {[%emt 0:00:13]} 0-1

[Event "ESTCC U65 2018"]
[Site "Walbrzych"]
[Date "2018.04.18"]
[Round "5"]
[White "Hammar, Bengt"]
[Black "Pushkov, Nikolai"]
[Result "1/2-1/2"]
[WhiteElo "2133"]
[BlackElo "2304"]
[Annotator "ChessBase"]
[PlyCount "39"]
[EventDate "2018.??.??"]
[EventCountry "POL"]
[SourceTitle "playchess.com"]
[Source "ChessBase"]
[SourceQuality "1"]
[WhiteTeam "Sweden"]
[BlackTeam "Russia"]
[WhiteTeamCountry "SWE"]
[BlackTeamCountry "RUS"]
[TimeControl "40/5400+30:1800+30"]

1. d4 {[%emt 0:00:00]} Nf6 {[%emt 0:00:16]} 2. Nf3 {[%emt 0:00:11]} e6 {[%emt 0:00:15]} 3. c4 {[%emt 0:00:24]} d5 {[%emt 0:01:05]} 4. Nc3 {[%emt 0:02:30]} Bb4 {[%emt 0:00:45]} 5. a3 {[%emt 0:07:34]} Bxc3+ {[%emt 0:00:54]} 6. bxc3 {[%emt 0:00:08]} c5 {[%emt 0:02:09]} 7. e3 {[%emt 0:00:59]} dxc4 {[%emt 0:04:58]} 8. Bxc4 {[%emt 0:00:31]} O-O {[%emt 0:00:06]} 9. O-O {[%emt 0:00:54]} Nbd7 {[%emt 0:03:03]} 10. Bd3 {[%emt 0:02:53]} Qc7 {[%emt 0:06:54]} 11. e4 {[%emt 0:06:38]} e5 {[%emt 0:00:26]} 12. Bg5 {[%emt 0:07:40]} Re8 {[%emt 0:14:47]} 13. Re1 {[%emt 0:04:31]} exd4 {[%emt 0:14:26]} 14. cxd4 {[%emt 0:00:25]} cxd4 {[%emt 0:00:05]} 15. Nxd4 {[%emt 0:01:41]} Qc5 {[%emt 0:08:20]} 16. Nf3 {[%emt 0:09:17]} Ng4 {[%emt 0:01:57]} 17. Qc2 {[%emt 0:02:13]} Nge5 {[%emt 0:07:11]} 18. Nxe5 {[%emt 0:02:52]} Qxc2 {[%emt 0:00:36]} 19. Bxc2 {[%emt 0:00:09]} Nxe5 {[%emt 0:00:06]} 20. Rad1 {[%emt 0:03:43]} 1/2-1/2